000 00607cam a22002177a 4500
001 000793
003 armpunfd
005 20140612090621.0
008 011019e1996####xx#a##########000#0#und#d
040 _aarmpunfd
_carmpunfd
080 _a347.965 T 734
100 1 0 _a Trigo Represas, Felix A.
245 1 0 _aResponsabilidad civil del abogado
260 _a Buenos Aires
_b Hammurabi
_c1996
300 _a317p.
650 7 _a Etica Del Abogado
_2LEMB
650 7 _a Responsabilidad Civil
_2LEMB
650 7 _a Responsabilidad Profesional
_2LEMB
942 _cLB
_2cdu
945 _aCatalis
_d2010-08-19
999 _c784
_d231288